Mártires del río Santiago : informe sobre violaciones al derecho a la salud y a un medio ambiente sano en Juanacatlán y El Salto, Jalisco, México /

Reporte sobre las consecuencias en la salud, en la agricultura y la vida cotidiana por la contaminación del agua que corre por el río Santiago, en la parte que pasa por el municipio de Juanacatlán, Jalisco. Se señala que el río se ha convertido en el vertedero de las aguas de desecho del corredor in...

Fuld beskrivelse

Guardado en:
Bibliografiske detaljer
Hovedforfatter: McCulligh DeBlasi, Cindy (investigación)
Andre forfattere: Páez Vieyra, Juan Carlos (investigación) (investigación), Moya García, Gerardo (investigación) (investigación)
Format: Bog
Sprog:spansk
Udgivet: Guadalajara, México : Instituto Mexicano para el Desarrollo Comunitario, 2007
Fag:
Tags: Tilføj Tag
Ingen Tags, Vær først til at tagge denne postø!

MARC

LEADER 00000nam^a2200000^a^4500
001 000401049
005 20250521000000.0
009 20260526143548.988
037 |a Acervo ITESO - Biblioteca 
041 |a ESP 
082 |a 574. 526323097235  |b MCC 
100 |a McCulligh DeBlasi, Cindy  |e (investigación) 
245 1 0 |a Mártires del río Santiago :  |b informe sobre violaciones al derecho a la salud y a un medio ambiente sano en Juanacatlán y El Salto, Jalisco, México /  |c Investigación de C. McCulligh DeBlasi, J.C. Páez Vieyra, G. Moya García ; pról. de Estela Cervantes Navarro. 
264 1 |a Guadalajara, México :  |b Instituto Mexicano para el Desarrollo Comunitario,  |c 2007 
300 |a 68 p. 
336 |a texto  |b txt  |2 rdacontenido 
337 |a sin mediación  |b n  |2 rdamedio 
338 |a volumen  |b nc  |2 rdasoporte 
520 |a Reporte sobre las consecuencias en la salud, en la agricultura y la vida cotidiana por la contaminación del agua que corre por el río Santiago, en la parte que pasa por el municipio de Juanacatlán, Jalisco. Se señala que el río se ha convertido en el vertedero de las aguas de desecho del corredor industrial y de la zona metropolitana de Guadalajara, con el agravante de que en la zona existe un muro que servía para desviar agua para la planta hidroeléctrica y que hoy en día sólo sirve para estancar lodos tóxicos. 
649 |a XX 
650 |a Aguas Residuales -  |z Jalisco 
650 |a Aguas Residuales -  |z México 
650 |a Desechos Industriales -  |z Jalisco 
650 |a Desechos Industriales -  |z México 
650 |a Río Santiago -  |x Tema Principal 
650 |a Ríos -  |z Juanacatlán, Jalisco -  |x Contaminación -  |x Tema Principal 
650 |a Ríos -  |z El Salto, Jalisco -  |x Contaminación -  |x Tema Principal 
650 |a Ríos -  |z Jalisco -  |x Contaminación 
650 |a Ríos -  |z México -  |x Contaminación 
650 |a Contaminación Ambiental -  |z Juanacatlán, Jalisco 
650 |a Contaminación Ambiental -  |z El Salto, Jalisco 
650 |a Contaminación Ambiental -  |z Jalisco 
650 |a Contaminación Ambiental -  |z México 
650 |a Problemas Sociales -  |z Jalisco 
650 |a Problemas Sociales -  |z México 
650 |a Enfermedades Ambientales -  |z Jalisco -  |x Tema Principal 
650 |a Enfermedades Ambientales -  |z México 
650 |a Salud Pública -  |z Jalisco 
650 |a Salud Pública -  |z México 
650 |a Derecho a la Salud -  |z Jalisco 
650 |a Derecho a la Salud -  |z México 
650 |a Medicina -  |z Jalisco -  |x Aspectos Jurídicos 
650 |a Medicina -  |z México -  |x Aspectos Jurídicos 
650 |a Ingeniería Sanitaria -  |z Jalisco 
650 |a Ingeniería Sanitaria -  |z México 
650 |a Ecología -  |z Jalisco 
650 |a Ecología -  |z México 
700 |a Páez Vieyra, Juan Carlos  |e (investigación) 
700 |a Moya García, Gerardo  |e (investigación) 
910 |a Fondo Carlos Núñez Hurtado 
920 |a Impresos - Libros 
930 |a Fondos Especiales 
905 |a 117 
901 |a 0500296312  |b IT2  |c ESP  |i d82264  |u 20250521 
902 |a https://opac.biblio.iteso.mx/vufind/Record/000401049